| 000 -LEADER |
| fixed length control field |
00422cam a22001457a 4500 |
| 008 - FIXED-LENGTH DATA ELEMENTS--GENERAL INFORMATION |
| fixed length control field |
180718b1965 xxu||||| |||| 00| 0 eng d |
| 082 ## - DEWEY DECIMAL CLASSIFICATION NUMBER |
| Classification number |
T000x5415 M588 |
| 100 ## - MAIN ENTRY--PERSONAL NAME |
| Personal name |
Mihaly, Eugene Bramer |
| 245 ## - TITLE STATEMENT |
| Title |
Foreign aid and politics in Nepal: a case study |
| Statement of responsibility, etc. |
by Eugene Bramer Mihaly |
| 260 ## - PUBLICATION, DISTRIBUTION, ETC. |
| Place of publication, distribution, etc. |
London |
| Name of publisher, distributor, etc. |
OUP |
| Date of publication, distribution, etc. |
1965 |
| 300 ## - PHYSICAL DESCRIPTION |
| Extent |
202p. |
| 500 ## - GENERAL NOTE |
| General note |
42/- |
| 650 ## - SUBJECT ADDED ENTRY--TOPICAL TERM |
| Topical term or geographic name entry element |
Nepal - Politics |
| 650 ## - SUBJECT ADDED ENTRY--TOPICAL TERM |
| Topical term or geographic name entry element |
Economic Assistance in Nepal |